Drapeau d'Europe: Moyen - Statistiques

Statistiques générales
  • Ce quiz a été pris 231 fois
  • Le résultat moyen est 9 sur 10
Statistiques - réponses
Par images Réponse % Correct
grèce
99%
norvège
97%
croatie
96%
roumanie
95%
pologne
93%
islande
86%
hongrie
84%
slovénie
79%
bielorussie
76%
moldavie
63%
Aucun quiz correspondant
Distribution des résultats
% des personnes avec chaque résultat
Percentile par nombre de réponses
Votre historique - résultats
Vous n’avez pas pris ce quiz